[Event "1. Bundesliga 2014/2015"]
[Site "Feffernitz, St. Veit/Glan, Mayrhofen"]
[Date "2014.11.22"]
[Round "3"]
[Board "6"]
[White "Mesaros, Florian"]
[Black "Schiestl, Josef"]
[Result "1-0"]
[WhiteElo "2355"]
[BlackElo "2128"]
[PlyCount "77"]
[EventDate "2014.11.20"]
[EventType "team"]
[EventRounds "11"]
[EventCountry "AUT"]
[WhiteTeam "ASVOE Wulkaprodersdorf"]
[BlackTeam "Mayrhofen/SK Zell/Zillertal"]

1.Nf3 Nf6 2.c4 g6 3.Nc3 Bg7 4.e4 d6 5.d4 O-O 6.Be2 e5 7.O-O Nc6 8.d5 Ne7 9.Ne1 Nd7
10.Nd3 f5 11.f3 f4 12.Bd2 Kh8 13.Rc1 c5 14.dxc6 Nxc6 15.Nd5 Nf6 16.Bc3 Be6 17.b4 Bg8
18.Kh1 Rc8 19.b5 Nb8 20.N3b4 Nbd7 21.Qd2 Nxd5 22.Nxd5 Nb6 23.Nxb6 axb6 24.Rfd1 Bxc4
25.Bxc4 Rxc4 26.Bxe5 Rxc1 27.Bxg7+ Kxg7 28.Qxc1 Qe7 29.Rd5 Qf6 30.h3 Ra8 31.Qc7+ Kh6
32.Qxd6 Qh4 33.Rd1 Qg3 34.a3 Rc8 35.e5 Rc2 36.Rg1 Rc3 37.e6 Re3 38.Qf8+ Kh5 39.e7 1-0

[Event "1. Bundesliga 2014/2015"]
[Site "Feffernitz, St. Veit/Glan, Mayrhofen"]
[Date "2014.11.23"]
[Round "4"]
[Board "1"]
[White "Haba, Petr"]
[Black "Maksimenko, Andrei"]
[Result "1/2-1/2"]
[WhiteElo "2512"]
[BlackElo "2495"]
[PlyCount "60"]
[EventDate "2014.11.20"]
[EventType "team"]
[EventRounds "11"]
[EventCountry "AUT"]
[WhiteTeam "Spk. Grieskirchen/Schallerbach"]
[BlackTeam "ASVOE Wulkaprodersdorf"]

1. d4 d5 2. c4 c6 3. Nf3 Nf6 4. Nc3 a6 5. e3 Bf5 6. Bd3 Bg6 7. O-O e6 8. Ne5
Bxd3 9. Qxd3 Nbd7 10. Nxd7 Qxd7 11. Rd1 Be7 12. e4 Nxe4 13. Nxe4 dxe4 14. Qxe4
O-O 15. Bd2 Bf6 16. Ba5 Rab8 17. Bb6 Bd8 18. Bxd8 Rfxd8 19. Rac1 Qe7 20. Rd3
Rd7 21. h4 Rbd8 22. Rcd1 h6 23. g3 c5 24. dxc5 Rxd3 25. Rxd3 Rxd3 26. Qxd3 Qxc5
27. a3 a5 28. Qd8+ Kh7 29. Qd7 b6 30. Qxf7 Qxc4 1/2-1/2

[Event "1. Bundesliga 2014/2015"]
[Site "Feffernitz, St. Veit/Glan, Mayrhofen"]
[Date "2014.11.23"]
[Round "4"]
[Board "2"]
[White "Schneider, Ilja"]
[Black "Kilgus, Georg"]
[Result "0-1"]
[WhiteElo "2495"]
[BlackElo "2429"]
[PlyCount "74"]
[EventDate "2014.11.20"]
[EventType "team"]
[EventRounds "11"]
[EventCountry "AUT"]
[WhiteTeam "ASVOE Wulkaprodersdorf"]
[BlackTeam "Spk. Grieskirchen/Schallerbach"]

1. d4 Nf6 2. Bg5 e6 3. e4 c5 4. e5 h6 5. Bc1 Nd5 6. c4 Ne7 7. dxc5 Ng6 8. Nf3
Bxc5 9. a3 Nc6 10. b4 Be7 11. Bb2 Qc7 12. Qe2 O-O 13. g3 b6 14. Bg2 Bb7 15. O-O
Rac8 16. Nbd2 a5 17. b5 Nb8 18. Rac1 d6 19. exd6 Bxd6 20. Ne4 Be7 21. h4 Nd7
22. h5 Nge5 23. Nxe5 Nxe5 24. c5 bxc5 25. b6 Qb8 26. Nxc5 Bxg2 27. Bxe5 Bxf1
28. Rxf1 Qxb6 29. Nd7 Qc6 30. Nxf8 Bxf8 31. Qb2 Qf3 32. a4 Qxh5 33. Qb7 Rc5 34.
Bf4 Qd5 35. Rb1 g5 36. Be3 Qxb7 37. Rxb7 Rc4 0-1

[Event "1. Bundesliga 2014/2015"]
[Site "Feffernitz, St. Veit/Glan, Mayrhofen"]
[Date "2014.11.23"]
[Round "4"]
[Board "3"]
[White "Schwabeneder, Florian"]
[Black "Antal, Gergely"]
[Result "1/2-1/2"]
[WhiteElo "2320"]
[BlackElo "2510"]
[PlyCount "116"]
[EventDate "2014.11.20"]
[EventType "team"]
[EventRounds "11"]
[EventCountry "AUT"]
[WhiteTeam "Spk. Grieskirchen/Schallerbach"]
[BlackTeam "ASVOE Wulkaprodersdorf"]

1. e4 c6 2. Nc3 d5 3. Nf3 Bg4 4. h3 Bh5 5. Qe2 dxe4 6. Nxe4 e6 7. d3 Nd7 8. Bd2
Ngf6 9. g4 Bg6 10. Nxf6+ Qxf6 11. O-O-O Bd6 12. Kb1 Qe7 13. Bc3 f6 14. Nd4 e5
15. Nf5 Bxf5 16. gxf5 O-O-O 17. Rg1 Nb6 18. Rg4 Qd7 19. Qf3 Nd5 20. Bd2 Rhe8
21. Ra4 Bc5 22. h4 Bd4 23. c3 Bb6 24. Rg4 Bc7 25. d4 Kb8 26. Bc4 exd4 27. Rxd4
Re5 28. Bd3 c5 29. Rg4 Nb6 30. Bf4 Rd5 31. Bxc7+ Qxc7 32. Bc2 Rxd1+ 33. Bxd1
Re8 34. Qg3 Re7 35. Bb3 Qxg3 36. fxg3 Nd7 37. Bd5 Ne5 38. Re4 b5 39. a4 Rd7 40.
Bg8 h5 41. Kc2 a6 42. Be6 Rd6 43. axb5 axb5 44. b4 c4 45. Rd4 Kc7 46. Rxd6 Kxd6
47. Kd2 Nc6 48. Bf7 Ne7 49. Bxh5 Nxf5 50. Be8 Nxg3 51. Bxb5 Kd5 52. Be8 Ne4+
53. Ke3 Ke5 54. Bf7 Nd6 55. Bg8 f5 56. Kf3 f4 57. h5 Kf5 58. Bd5 Nb5 1/2-1/2

[Event "1. Bundesliga 2014/2015"]
[Site "Feffernitz, St. Veit/Glan, Mayrhofen"]
[Date "2014.11.23"]
[Round "4"]
[Board "4"]
[White "Thiede, Lars"]
[Black "Singer, Christoph"]
[Result "1/2-1/2"]
[WhiteElo "2441"]
[BlackElo "2358"]
[PlyCount "91"]
[EventDate "2014.11.20"]
[EventType "team"]
[EventRounds "11"]
[EventCountry "AUT"]
[WhiteTeam "ASVOE Wulkaprodersdorf"]
[BlackTeam "Spk. Grieskirchen/Schallerbach"]

1. Nf3 d5 2. c4 e6 3. b3 dxc4 4. bxc4 e5 5. Nc3 Nc6 6. g3 Nf6 7. Bg2 Bc5 8. O-O
O-O 9. d3 Re8 10. Nd2 Bd4 11. Bb2 Bf5 12. Nb3 Qd7 13. Nxd4 Nxd4 14. e3 Nc6 15.
Nd5 Nxd5 16. cxd5 Ne7 17. e4 Bg4 18. f3 Bh3 19. Bxh3 Qxh3 20. f4 exf4 21. Rxf4
Ng6 22. Rf5 Rad8 23. Qb3 Rd6 24. Qc3 f6 25. Qxc7 Red8 26. Raf1 h5 27. Qc2 Rb6
28. Bd4 Ra6 29. Qe2 h4 30. g4 Ra3 31. Rd1 Rc8 32. d6 Rd8 33. g5 fxg5 34. Rxg5
Rxd6 35. Be3 Rda6 36. Rd2 Qe6 37. Qg4 Qxg4+ 38. Rxg4 Ne5 39. Rf4 Nxd3 40. Rf5
Ne1 41. Rd8+ Kh7 42. Rh5+ Kg6 43. Rg5+ Kh7 44. Rh5+ Kg6 45. Rg5+ Kh7 46. Rh5+
 1/2-1/2

[Event "1. Bundesliga 2014/2015"]
[Site "Feffernitz, St. Veit/Glan, Mayrhofen"]
[Date "2014.11.23"]
[Round "4"]
[Board "5"]
[White "Lentrodt, Thomas"]
[Black "Wallner, Joachim"]
[Result "1/2-1/2"]
[WhiteElo "2271"]
[BlackElo "2331"]
[PlyCount "89"]
[EventDate "2014.11.20"]
[EventType "team"]
[EventRounds "11"]
[EventCountry "AUT"]
[WhiteTeam "Spk. Grieskirchen/Schallerbach"]
[BlackTeam "ASVOE Wulkaprodersdorf"]

1. Nf3 d5 2. d4 Nf6 3. Bf4 c5 4. e3 Nc6 5. Nc3 Bg4 6. Be2 e6 7. O-O Bxf3 8.
Bxf3 cxd4 9. exd4 Qb6 10. Ne2 Be7 11. Rb1 a5 12. a4 O-O 13. c3 Rfc8 14. Ng3 Qd8
15. Be2 Bd6 16. Bxd6 Qxd6 17. Bd3 Rc7 18. Re1 g6 19. Qd2 Kg7 20. h4 h5 21. Qg5
Rh8 22. Re3 Qd8 23. Rbe1 Ng4 24. Qxd8 Rxd8 25. R3e2 Rd6 26. f3 Nf6 27. Ra1 Nd7
28. Nf1 e5 29. dxe5 Ndxe5 30. Bb5 Kf6 31. Rd1 Rcd7 32. Nd2 Rd8 33. Nb3 b6 34.
Red2 Ne7 35. Kf2 Nf5 36. g3 Nc4 37. Re2 Rc8 38. Nd4 Rc5 39. Nxf5 Kxf5 40. Rd4
Kf6 41. Bxc4 Rxc4 42. Red2 Rxd4 43. Rxd4 Ke5 44. Ke3 f6 45. Rd2 1/2-1/2

[Event "1. Bundesliga 2014/2015"]
[Site "Feffernitz, St. Veit/Glan, Mayrhofen"]
[Date "2014.11.23"]
[Round "4"]
[Board "6"]
[White "Mesaros, Florian"]
[Black "Schueller, Ernst"]
[Result "1-0"]
[WhiteElo "2355"]
[BlackElo "2185"]
[PlyCount "93"]
[EventDate "2014.11.20"]
[EventType "team"]
[EventRounds "11"]
[EventCountry "AUT"]
[WhiteTeam "ASVOE Wulkaprodersdorf"]
[BlackTeam "Spk. Grieskirchen/Schallerbach"]

1. Nf3 Nf6 2. c4 e6 3. Nc3 c5 4. g3 b6 5. Bg2 Bb7 6. O-O Be7 7. d4 cxd4 8. Nxd4
Bxg2 9. Kxg2 Nc6 10. Ndb5 O-O 11. Bf4 a6 12. Nd6 Nh5 13. Qd2 Nxf4+ 14. gxf4 f5
15. Rad1 Bxd6 16. Qxd6 Rf7 17. Rd3 Qc8 18. Rfd1 Qb7 19. Kg1 b5 20. b3 Rc8 21.
cxb5 axb5 22. a4 bxa4 23. Nxa4 Nb4 24. Rd4 Na6 25. Rc4 Rxc4 26. bxc4 h6 27. Nb6
Nb8 28. Ra1 Kh7 29. f3 Nc6 30. c5 Na7 31. Ra5 Nc8 32. Nxc8 Qxc8 33. Ra7 Qe8 34.
Rb7 g5 35. fxg5 hxg5 36. Qe5 Kg6 37. Kg2 Rf6 38. Rb8 Qf7 39. Qg3 Qh7 40. Rd8
Rf7 41. Qb8 Kf6 42. Rh8 Qg7 43. Rg8 Qh6 44. Qb2+ Ke7 45. c6 dxc6 46. Qb4+ c5
47. Qxc5+ 1-0

[Event "1. Bundesliga 2014/2015"]
[Site "Feffernitz, St. Veit/Glan, Mayrhofen"]
[Date "2014.11.23"]
[Round "4"]
[Board "1"]
[White "Postny, Evgeny"]
[Black "Votava, Jan"]
[Result "1/2-1/2"]
[WhiteElo "2645"]
[BlackElo "2524"]
[PlyCount "103"]
[EventDate "2014.11.20"]
[EventType "team"]
[EventRounds "11"]
[EventCountry "AUT"]
[WhiteTeam "SIR Royal Salzburg"]
[BlackTeam "Mayrhofen/SK Zell/Zillertal"]

1. d4 Nf6 2. c4 g6 3. f3 Nc6 4. d5 Ne5 5. e4 d6 6. Nc3 c6 7. f4 Ned7 8. Nh3 Bg7
9. Nf2 O-O 10. Be2 cxd5 11. cxd5 Nb6 12. a4 a5 13. Be3 e5 14. fxe5 dxe5 15. O-O
Nbd7 16. Rc1 b6 17. Nb5 Nc5 18. Bxc5 bxc5 19. Rxc5 Bh6 20. d6 Be3 21. Rxe5 Bb7
22. Bf3 Nd7 23. Re7 Bg5 24. Bg4 f5 25. Nc7 Bxe7 26. dxe7 Qxe7 27. Nxa8 Bxa8 28.
exf5 gxf5 29. Bf3 Bxf3 30. Qxf3 Qc5 31. Rd1 Nf6 32. Kh1 Re8 33. h3 Re3 34. Qf4
Re2 35. Qg5+ Kf7 36. Ng4 Ne4 37. Nh6+ Ke6 38. Qg8+ Ke5 39. Qg7+ Kf4 40. Kh2 Rf2
41. Nf7 Ke3 42. Ne5 Ke2 43. Re1+ Kd2 44. Ra1 Ke2 45. Re1+ Kd2 46. Ra1 Ke2 47.
b3 Qe3 48. Ra2+ Kf1 49. Ra1+ Ke2 50. Ra2+ Kf1 51. Ra1+ Ke2 52. Ra2+ 1/2-1/2

[Event "1. Bundesliga 2014/2015"]
[Site "Feffernitz, St. Veit/Glan, Mayrhofen"]
[Date "2014.11.23"]
[Round "4"]
[Board "2"]
[White "Lanka, Zigurds"]
[Black "Bromberger, Stefan"]
[Result "0-1"]
[WhiteElo "2422"]
[BlackElo "2544"]
[PlyCount "104"]
[EventDate "2014.11.20"]
[EventType "team"]
[EventRounds "11"]
[EventCountry "AUT"]
[WhiteTeam "Mayrhofen/SK Zell/Zillertal"]
[BlackTeam "SIR Royal Salzburg"]

1. e4 e5 2. Nf3 Nc6 3. Bb5 a6 4. Ba4 Nf6 5. O-O Be7 6. Re1 b5 7. Bb3 d6 8. c3
O-O 9. d3 Na5 10. Bc2 c5 11. Nbd2 Re8 12. Nf1 Bf8 13. Ng3 g6 14. a4 b4 15. h3
bxc3 16. bxc3 Bg7 17. Rb1 Qc7 18. Bg5 Be6 19. Qd2 Rab8 20. Bh6 Rxb1 21. Rxb1
Rb8 22. Bxg7 Kxg7 23. Qc1 h6 24. Rb2 Rxb2 25. Qxb2 d5 26. d4 Nc4 27. Qa1 dxe4
28. Bxe4 Nxe4 29. Nxe4 cxd4 30. cxd4 Bd5 31. Nfd2 Nxd2 32. Nxd2 Qc2 33. Qe1 e4
34. Qe3 Qd1+ 35. Kh2 Qxa4 36. Nxe4 Qc6 37. Nc3 Qd6+ 38. Kg1 a5 39. Qd3 Qc6 40.
Nxd5 Qxd5 41. Qa6 h5 42. Qa7 Qa2 43. Qc5 a4 44. Qe5+ Kh7 45. d5 a3 46. d6 Qb2
47. Qd5 a2 48. Qxf7+ Kh6 49. d7 a1=Q+ 50. Kh2 Qf6 51. Qe8 Qf4+ 52. g3 Qxf2# 0-1

[Event "1. Bundesliga 2014/2015"]
[Site "Feffernitz, St. Veit/Glan, Mayrhofen"]
[Date "2014.11.23"]
[Round "4"]
[Board "3"]
[White "Mons, Leon"]
[Black "Maiwald, Jens-Uwe"]
[Result "1-0"]
[WhiteElo "2446"]
[BlackElo "2464"]
[PlyCount "119"]
[EventDate "2014.11.20"]
[EventType "team"]
[EventRounds "11"]
[EventCountry "AUT"]
[WhiteTeam "SIR Royal Salzburg"]
[BlackTeam "Mayrhofen/SK Zell/Zillertal"]

1. e4 c5 2. Nf3 Nc6 3. Bb5 d6 4. O-O Bd7 5. Re1 Nf6 6. c3 a6 7. Bf1 Bg4 8. h3
Bxf3 9. Qxf3 e6 10. d3 Be7 11. Qg3 O-O 12. Bh6 Ne8 13. Be3 d5 14. exd5 exd5 15.
Nd2 Bd6 16. Bf4 Qf6 17. Bxd6 Nxd6 18. Qf3 Qxf3 19. Nxf3 Rfe8 20. g3 Rxe1 21.
Rxe1 Re8 22. Bg2 Kf8 23. Kf1 h6 24. d4 Rxe1+ 25. Kxe1 cxd4 26. Nxd4 Ne7 27. Nc2
Nc4 28. b3 Nb6 29. Ne3 Ke8 30. c4 dxc4 31. bxc4 Nc6 32. Nf5 Nxc4 33. Nxg7+ Kf8
34. Nf5 h5 35. Bf3 a5 36. Bxh5 Nb4 37. a4 Nd3+ 38. Ke2 Nc5 39. Bf3 b6 40. Bc6
Nb2 41. Kd2 Nbxa4 42. Kc2 b5 43. Bxb5 Nb6 44. h4 a4 45. Kb2 Kg8 46. Ka3 Ne4 47.
f3 Nd2 48. f4 Kh7 49. Bxa4 Nb1+ 50. Kb2 Nxa4+ 51. Kxb1 Kg6 52. Ne3 f5 53. Kc2
Nc5 54. Nf1 Ne4 55. Kd3 Kh5 56. Kd4 Kg4 57. Ke5 Nc5 58. Kf6 Nd7+ 59. Kf7 Nc5
60. Kg6 1-0

[Event "1. Bundesliga 2014/2015"]
[Site "Feffernitz, St. Veit/Glan, Mayrhofen"]
[Date "2014.11.23"]
[Round "4"]
[Board "4"]
[White "Platzgummer, Fabian"]
[Black "Geske, Julian"]
[Result "1/2-1/2"]
[WhiteElo "2332"]
[BlackElo "2401"]
[PlyCount "60"]
[EventDate "2014.11.20"]
[EventType "team"]
[EventRounds "11"]
[EventCountry "AUT"]
[WhiteTeam "Mayrhofen/SK Zell/Zillertal"]
[BlackTeam "SIR Royal Salzburg"]

1. Nf3 d5 2. g3 Nf6 3. Bg2 Bg4 4. c4 c6 5. Ne5 Be6 6. cxd5 Bxd5 7. Nf3 c5 8.
Nc3 Bc6 9. O-O e6 10. d3 Be7 11. e4 O-O 12. Qe2 b5 13. a4 b4 14. Nb1 Bb7 15.
Nbd2 Nc6 16. Nc4 Nd7 17. b3 Nb6 18. Bb2 Nxc4 19. dxc4 Qc7 20. Rad1 Rad8 21. e5
Na5 22. Qc2 Rxd1 23. Rxd1 Rd8 24. h4 Rxd1+ 25. Qxd1 Qd8 26. Qxd8+ Bxd8 27. Nd2
Bxg2 28. Kxg2 h5 29. f4 g6 30. Kf3 Kf8 1/2-1/2

[Event "1. Bundesliga 2014/2015"]
[Site "Feffernitz, St. Veit/Glan, Mayrhofen"]
[Date "2014.11.23"]
[Round "4"]
[Board "5"]
[White "Schramm, Christian"]
[Black "Tabernig, Bernhard"]
[Result "1/2-1/2"]
[WhiteElo "2397"]
[BlackElo "2328"]
[PlyCount "136"]
[EventDate "2014.11.20"]
[EventType "team"]
[EventRounds "11"]
[EventCountry "AUT"]
[WhiteTeam "SIR Royal Salzburg"]
[BlackTeam "Mayrhofen/SK Zell/Zillertal"]

1. e4 e6 2. d4 d5 3. exd5 exd5 4. Bd3 c5 5. dxc5 Bxc5 6. Nf3 Nf6 7. O-O h6 8.
Qe2+ Qe7 9. Qxe7+ Bxe7 10. Nc3 Nc6 11. Re1 O-O 12. a3 Bg4 13. Ne5 Nxe5 14. Rxe5
Bd6 15. Re1 a6 16. h3 Bd7 17. Bd2 Rfe8 18. Kf1 Bc6 19. Ne2 Ne4 20. Be3 Nc5 21.
Bxc5 Bxc5 22. c3 g6 23. Nd4 Bd7 24. Rxe8+ Rxe8 25. Re1 Rxe1+ 26. Kxe1 Kg7 27.
Ke2 Kf6 28. Ke3 g5 29. Bc2 Ke5 30. Bd1 f5 31. Kd3 g4 32. hxg4 fxg4 33. g3 h5
34. Bc2 Be8 35. Ke3 Be7 36. Bf5 b6 37. Kd3 Bg5 38. Kc2 a5 39. Kd3 a4 40. Kc2
Be7 41. Kd3 Bc5 42. Bh7 Bf7 43. Ke3 Kf6 44. Bd3 Bf8 45. Ke2 Bh6 46. Kd1 Be8 47.
Bf5 Ke5 48. Kc2 Bg5 49. Kd1 Be7 50. Bh7 Bc5 51. f4+ gxf3 52. Nxf3+ Kf6 53. Bg8
Kf5 54. Bxd5 Kg4 55. Nd2 Kxg3 56. Ne4+ Kf4 57. Nf6 Bg6 58. Nxh5+ Bxh5+ 59. Kd2
Bg6 60. Bc6 Be3+ 61. Kd1 Ke5 62. Bxa4 Kd5 63. Bb3+ Kc5 64. Be6 Kb5 65. b3 Bg5
66. a4+ Ka5 67. Bc4 Be4 68. Bb5 Be7 1/2-1/2

[Event "1. Bundesliga 2014/2015"]
[Site "Feffernitz, St. Veit/Glan, Mayrhofen"]
[Date "2014.11.23"]
[Round "4"]
[Board "6"]
[White "Kupfner, Franz"]
[Black "Durakovic, Alman"]
[Result "1/2-1/2"]
[WhiteElo "2200"]
[BlackElo "2314"]
[PlyCount "107"]
[EventDate "2014.11.20"]
[EventType "team"]
[EventRounds "11"]
[EventCountry "AUT"]
[WhiteTeam "Mayrhofen/SK Zell/Zillertal"]
[BlackTeam "SIR Royal Salzburg"]

1. c4 Nf6 2. g3 g6 3. Bg2 Bg7 4. Nc3 O-O 5. e3 c6 6. Nge2 d6 7. O-O e5 8. d4
Re8 9. d5 c5 10. e4 a6 11. a4 Nbd7 12. Ra3 Nh5 13. Qc2 Rf8 14. Nd1 Rb8 15. Ne3
Ndf6 16. Bd2 Ng4 17. Nxg4 Bxg4 18. f3 Bd7 19. a5 b5 20. axb6 Qxb6 21. b3 f5 22.
Nc3 f4 23. g4 Nf6 24. h3 h5 25. g5 Nh7 26. h4 Bc8 27. Be1 Qd8 28. Qf2 Rf7 29.
Nb1 Rfb7 30. Nd2 Rb4 31. Kh2 Qd7 32. Rg1 Bf8 33. Qf1 Be7 34. Bh3 Qxh3+ 35. Qxh3
Bxh3 36. Kxh3 R4b6 37. Kg2 Bd8 38. Kf1 Ra8 39. Ke2 Nf8 40. Kd3 Kf7 41. Kc2 a5
42. Ra4 Rb4 43. Nb1 Nd7 44. Ra2 Rb7 45. Nc3 Rba7 46. Nb5 Ra6 47. Bc3 Ke7 48.
Rga1 Nb8 49. Be1 Kd7 50. Ra4 Ke7 51. R1a2 Kd7 52. Bd2 Ke7 53. Ra1 Bb6 54. Bc3
 1/2-1/2

[Event "1. Bundesliga 2014/2015"]
[Site "Feffernitz, St. Veit/Glan, Mayrhofen"]
[Date "2014.11.23"]
[Round "4"]
[Board "1"]
[White "Lovrinovic, Christian"]
[Black "Rozentalis, Eduardas"]
[Result "0-1"]
[WhiteElo "2131"]
[BlackElo "2549"]
[PlyCount "78"]
[EventDate "2014.11.20"]
[EventType "team"]
[EventRounds "11"]
[EventCountry "AUT"]
[WhiteTeam "ASVOE Pamhagen"]
[BlackTeam "SK Hohenems"]

1. d4 Nf6 2. c4 e6 3. Nc3 Bb4 4. e3 b6 5. Nf3 Bb7 6. Bd3 Bxc3+ 7. bxc3 d6 8.
O-O Nbd7 9. Qc2 e5 10. Nd2 O-O 11. h3 Re8 12. Re1 Nf8 13. Nf1 Nh5 14. Be2 Qg5
15. d5 e4 16. f4 exf3 17. Bxf3 Ng6 18. Qf2 Ne5 19. Be2 Qg6 20. Qh4 Nf6 21. Ng3
Ba6 22. Rf1 Ned7 23. Nf5 Kh8 24. Rf4 Nxd5 25. Bh5 Nxf4 26. Bxg6 Nxg6 27. Qd4 f6
28. h4 Bb7 29. Qg4 Re4 30. Qg3 Nde5 31. h5 Rg4 32. Qxg4 Nxg4 33. hxg6 hxg6 34.
Ne7 g5 35. Nd5 Bxd5 36. cxd5 Re8 37. Bd2 Re5 38. c4 Nxe3 39. Bxe3 Rxe3 0-1

[Event "1. Bundesliga 2014/2015"]
[Site "Feffernitz, St. Veit/Glan, Mayrhofen"]
[Date "2014.11.23"]
[Round "4"]
[Board "2"]
[White "Martinovic, Sasa"]
[Black "Vitouch, Anatol"]
[Result "1-0"]
[WhiteElo "2520"]
[BlackElo "2336"]
[PlyCount "63"]
[EventDate "2014.11.20"]
[EventType "team"]
[EventRounds "11"]
[EventCountry "AUT"]
[WhiteTeam "SK Hohenems"]
[BlackTeam "ASVOE Pamhagen"]

1. d4 d5 2. c4 e6 3. Nc3 c5 4. cxd5 exd5 5. Nf3 Nc6 6. g3 Nf6 7. Bg2 Be7 8. O-O
O-O 9. Bg5 cxd4 10. Nxd4 h6 11. Be3 Bg4 12. h3 Be6 13. f4 Qd7 14. g4 Bxg4 15.
hxg4 Qxg4 16. Nxc6 bxc6 17. Bd4 Rad8 18. e3 Qg6 19. Qf3 Rfe8 20. Kh1 Rd7 21.
Bh3 Rb7 22. Rg1 Qh7 23. Rg2 h5 24. Rh2 h4 25. Rg1 Kf8 26. Rg5 Reb8 27. Be5 Rd8
28. Rhg2 Ne8 29. Rh5 Qg8 30. Bf5 f6 31. Qh3 g5 32. fxg5 1-0

[Event "1. Bundesliga 2014/2015"]
[Site "Feffernitz, St. Veit/Glan, Mayrhofen"]
[Date "2014.11.23"]
[Round "4"]
[Board "3"]
[White "Hapala, Elisabeth"]
[Black "Atlas, Valery"]
[Result "1/2-1/2"]
[WhiteElo "2074"]
[BlackElo "2433"]
[PlyCount "134"]
[EventDate "2014.11.20"]
[EventType "team"]
[EventRounds "11"]
[EventCountry "AUT"]
[WhiteTeam "ASVOE Pamhagen"]
[BlackTeam "SK Hohenems"]

1. e4 c5 2. Nf3 e6 3. d4 cxd4 4. Nxd4 Nf6 5. Nc3 d6 6. f4 Nc6 7. Be3 Be7 8. Qf3
O-O 9. O-O-O Bd7 10. Rg1 Nxd4 11. Bxd4 Bc6 12. g4 Nd7 13. g5 e5 14. Be3 exf4
15. Bxf4 Qa5 16. Bxd6 Bxd6 17. Rxd6 Qc5 18. Qg3 Ne5 19. Rd1 Rfe8 20. Kb1 Rac8
21. Rg2 a6 22. Rgd2 b5 23. Nd5 Bxd5 24. exd5 Qd6 25. Bd3 g6 26. Be2 Rcd8 27.
Rd4 Rd7 28. Rh4 f5 29. gxf6 Qxf6 30. Rf4 Qd8 31. Rfd4 Rd6 32. c3 Qd7 33. h4
Qf5+ 34. Ka1 h5 35. Rf1 Qc2 36. Qe3 Kg7 37. Bd1 Qg2 38. Rg1 Qh2 39. Qg3 Qxg3
40. Rxg3 Nc4 41. Kb1 Re1 42. Kc2 Ne3+ 43. Kd2 Rxd1+ 44. Kxe3 Rxd5 45. Rxd5 Rxd5
46. b3 Rd1 47. c4 bxc4 48. bxc4 Rh1 49. Kd4 Rxh4+ 50. Kd5 Rh2 51. c5 Rxa2 52.
Rc3 Rd2+ 53. Ke6 Re2+ 54. Kd7 Kf6 55. c6 Re7+ 56. Kd6 Re8 57. c7 Rc8 58. Kd7
Rxc7+ 59. Rxc7 Ke5 60. Rc5+ Kf4 61. Ke6 h4 62. Kf6 h3 63. Kxg6 h2 64. Rc1 Kg3
65. Kf5 Kg2 66. Ke4 h1=Q 67. Rxh1 Kxh1 1/2-1/2

[Event "1. Bundesliga 2014/2015"]
[Site "Feffernitz, St. Veit/Glan, Mayrhofen"]
[Date "2014.11.23"]
[Round "4"]
[Board "4"]
[White "Froewis, Georg"]
[Black "Bezuch, Martin"]
[Result "1-0"]
[WhiteElo "2434"]
[BlackElo "2238"]
[PlyCount "91"]
[EventDate "2014.11.20"]
[EventType "team"]
[EventRounds "11"]
[EventCountry "AUT"]
[WhiteTeam "SK Hohenems"]
[BlackTeam "ASVOE Pamhagen"]

1. e4 g6 2. d4 Bg7 3. Nc3 d6 4. g3 Nf6 5. Bg2 O-O 6. Nge2 e5 7. O-O Re8 8. h3
Nbd7 9. Be3 c6 10. dxe5 dxe5 11. Qd3 Qa5 12. a3 Nc5 13. Qc4 Bf8 14. Rfd1 b5 15.
Qa2 Be6 16. Qb1 Qc7 17. b3 a5 18. Kh2 Nfd7 19. Rd2 a4 20. Nc1 Reb8 21. b4 Nb7
22. Nd3 Nd6 23. Nb2 Nb6 24. Bf1 Nbc4 25. Nxc4 Nxc4 26. Bxc4 Bxc4 27. Qb2 Rd8
28. Rad1 Rxd2 29. Rxd2 Rd8 30. Nb1 Re8 31. Nc3 f5 32. exf5 gxf5 33. Qb1 f4 34.
Bc5 fxg3+ 35. fxg3 Bxc5 36. bxc5 e4 37. Rd4 e3 38. Rg4+ Kf8 39. Qe1 Re7 40. Ne4
e2 41. Nd6 h5 42. Rg5 h4 43. Qf2+ Bf7 44. Qf6 hxg3+ 45. Rxg3 Qxd6 46. Qh8+ 1-0

[Event "1. Bundesliga 2014/2015"]
[Site "Feffernitz, St. Veit/Glan, Mayrhofen"]
[Date "2014.11.23"]
[Round "4"]
[Board "5"]
[White "Kuthan, Andreas"]
[Black "Kessler, Luca"]
[Result "1/2-1/2"]
[WhiteElo "2240"]
[BlackElo "2324"]
[PlyCount "59"]
[EventDate "2014.11.20"]
[EventType "team"]
[EventRounds "11"]
[EventCountry "AUT"]
[WhiteTeam "ASVOE Pamhagen"]
[BlackTeam "SK Hohenems"]

1. d4 Nf6 2. c4 g6 3. Nc3 d5 4. Nf3 Bg7 5. e3 O-O 6. cxd5 Nxd5 7. Bc4 Nb6 8.
Bb3 c5 9. O-O cxd4 10. exd4 Bg4 11. d5 N8d7 12. h3 Bxf3 13. Qxf3 Nc5 14. Bg5
Qd7 15. Rfe1 Rfe8 16. Rad1 Rac8 17. h4 a5 18. Ne4 Nxe4 19. Qxe4 a4 20. Bc2 Nc4
21. b3 Nd6 22. Qd3 a3 23. Bb1 b5 24. Rc1 Rxc1 25. Rxc1 Qg4 26. Re1 f6 27. Bc1
b4 28. g3 Rc8 29. Bd2 Kf8 30. Kg2 1/2-1/2

[Event "1. Bundesliga 2014/2015"]
[Site "Feffernitz, St. Veit/Glan, Mayrhofen"]
[Date "2014.11.23"]
[Round "4"]
[Board "6"]
[White "Novkovic, Milan"]
[Black "Prinzjakowitsch, Bernhard"]
[Result "1-0"]
[WhiteElo "2380"]
[BlackElo "2178"]
[PlyCount "91"]
[EventDate "2014.11.20"]
[EventType "team"]
[EventRounds "11"]
[EventCountry "AUT"]
[WhiteTeam "SK Hohenems"]
[BlackTeam "ASVOE Pamhagen"]

1. Nf3 d5 2. c4 e6 3. d4 Nf6 4. Nc3 Bb4 5. Bg5 c5 6. cxd5 exd5 7. dxc5 h6 8.
Bxf6 Qxf6 9. Rc1 Nc6 10. e3 O-O 11. Be2 Be6 12. a3 Bxc3+ 13. Rxc3 d4 14. Nxd4
Rad8 15. O-O Nxd4 16. exd4 Rxd4 17. Qc1 Bd5 18. Rd1 Re8 19. Bf1 Be4 20. Rxd4
Qxd4 21. Re3 Rd8 22. Qe1 Bc6 23. Rd3 Qf6 24. Rxd8+ Qxd8 25. b4 Qd4 26. b5 Bd5
27. Qc1 Qe4 28. Qd2 Bc4 29. Qb4 Bd5 30. Qxe4 Bxe4 31. f3 Bd5 32. Kf2 Kf8 33.
Ke3 Ke7 34. Kd4 Bb3 35. Bc4 Ba4 36. Kc3 b6 37. Kb4 Bd1 38. cxb6 axb6 39. a4 f5
40. a5 Kd8 41. axb6 Kc8 42. f4 Bc2 43. h4 g5 44. fxg5 hxg5 45. hxg5 f4 46. Bf7
 1-0

[Event "1. Bundesliga 2014/2015"]
[Site "Feffernitz, St. Veit/Glan, Mayrhofen"]
[Date "2014.11.23"]
[Round "4"]
[Board "1"]
[White "Lenic, Luka"]
[Black "Ragger, Markus"]
[Result "1/2-1/2"]
[WhiteElo "2648"]
[BlackElo "2661"]
[PlyCount "32"]
[EventDate "2014.11.20"]
[EventType "team"]
[EventRounds "11"]
[EventCountry "AUT"]
[WhiteTeam "SV Raika Rapid Feffernitz"]
[BlackTeam "Schachclub MPOE Maria Saal"]

1. d4 d5 2. c4 c6 3. Nc3 Nf6 4. Nf3 e6 5. e3 Nbd7 6. Qc2 Bd6 7. g4 dxc4 8. Bxc4
e5 9. g5 Nd5 10. Bd2 exd4 11. Qe4+ Ne7 12. Qxd4 Nf5 13. Qe4+ Ne7 14. Qd4 Nf5
15. Qe4+ Ne7 16. Qd4 Nf5 1/2-1/2

[Event "1. Bundesliga 2014/2015"]
[Site "Feffernitz, St. Veit/Glan, Mayrhofen"]
[Date "2014.11.23"]
[Round "4"]
[Board "2"]
[White "Rapport, Richard"]
[Black "Skoberne, Jure"]
[Result "1-0"]
[WhiteElo "2709"]
[BlackElo "2555"]
[PlyCount "59"]
[EventDate "2014.11.20"]
[EventType "team"]
[EventRounds "11"]
[EventCountry "AUT"]
[WhiteTeam "Schachclub MPOE Maria Saal"]
[BlackTeam "SV Raika Rapid Feffernitz"]

1. e4 d6 2. d4 Nf6 3. Nc3 e5 4. Nf3 Nbd7 5. Rg1 g6 6. g4 Bg7 7. g5 Nh5 8. Be3
O-O 9. Qd2 c6 10. O-O-O Qe7 11. a4 a5 12. Be2 Rb8 13. Kb1 Re8 14. h4 Nf8 15.
Bc4 Bh3 16. Bb3 Nd7 17. d5 Nc5 18. Bxc5 dxc5 19. Qe3 Nf4 20. Nd2 Bd7 21. Nc4 b6
22. dxc6 Bxc6 23. Rd6 Qb7 24. Rd2 Re7 25. Rgd1 Ne6 26. Nd6 Qa8 27. Nd5 Rd7 28.
Nf6+ Bxf6 29. gxf6 Nf4 30. Qc3 1-0